000 00243nam a2200097Ia 4500
100 _aIndian Standard Institution
942 _cBK
245 _aRecommendations for limits & Fits
260 _bIndian Standard Institution
_c2001
546 _aENGLISH
999 _c32286
_d32286